<?xml version="1.0" encoding="UTF-8"?>
<record
    xmlns:xsi="http://www.w3.org/2001/XMLSchema-instance"
    xsi:schemaLocation="http://www.loc.gov/MARC21/slim http://www.loc.gov/standards/marcxml/schema/MARC21slim.xsd"
    xmlns="http://www.loc.gov/MARC21/slim">

  <leader>06024nam a2200457 a 4500</leader>
  <controlfield tag="003">CHAP</controlfield>
  <controlfield tag="005">20250707111605.0</controlfield>
  <controlfield tag="007">ta</controlfield>
  <controlfield tag="008">250612s2024    mx bd||fsm||| 001 0 spa d</controlfield>
  <datafield tag="040" ind1=" " ind2=" ">
    <subfield code="e">rda</subfield>
  </datafield>
  <datafield tag="041" ind1=" " ind2=" ">
    <subfield code="a">spa</subfield>
    <subfield code="b">eng</subfield>
  </datafield>
  <datafield tag="100" ind1="1" ind2=" ">
    <subfield code="a">Lozada Vallejo, Esmeralda Griselda</subfield>
    <subfield code="9">190637</subfield>
  </datafield>
  <datafield tag="240" ind1="1" ind2="0">
    <subfield code="a">Characterization of aged cheese from sierra de Tequila, Jalisco.</subfield>
    <subfield code="l">Espa&#xF1;ol</subfield>
  </datafield>
  <datafield tag="245" ind1="1" ind2="0">
    <subfield code="a">Caracterizaci&#xF3;n del queso madurado de la sierra de Tequila, Jalisco /</subfield>
    <subfield code="c">Esmeralda Griselda Lozada Vallejo</subfield>
  </datafield>
  <datafield tag="264" ind1=" " ind2=" ">
    <subfield code="a">Chapingo, M&#xE9;xico :</subfield>
    <subfield code="b">El autor,</subfield>
    <subfield code="c">2024</subfield>
  </datafield>
  <datafield tag="300" ind1=" " ind2=" ">
    <subfield code="a">1 recurso en l&#xED;nea (xi, 78 p&#xE1;ginas) :</subfield>
    <subfield code="b">mapas, gr&#xE1;ficas, diagramas, tablas</subfield>
  </datafield>
  <datafield tag="336" ind1=" " ind2=" ">
    <subfield code="2">rdacontent</subfield>
    <subfield code="a">texto</subfield>
    <subfield code="b">txt</subfield>
  </datafield>
  <datafield tag="337" ind1=" " ind2=" ">
    <subfield code="2">rdamedia</subfield>
    <subfield code="a">computadora</subfield>
    <subfield code="b">c</subfield>
  </datafield>
  <datafield tag="338" ind1=" " ind2=" ">
    <subfield code="2">rdacarrier</subfield>
    <subfield code="a">recurso en l&#xED;nea</subfield>
    <subfield code="b">cr</subfield>
  </datafield>
  <datafield tag="502" ind1=" " ind2=" ">
    <subfield code="a">Tesis</subfield>
    <subfield code="b">MCTA</subfield>
    <subfield code="c">Agroindustrias</subfield>
    <subfield code="d">2024</subfield>
    <subfield code="g">MAE</subfield>
  </datafield>
  <datafield tag="504" ind1=" " ind2=" ">
    <subfield code="a">Incluye bibliograf&#xED;as</subfield>
  </datafield>
  <datafield tag="520" ind1="3" ind2=" ">
    <subfield code="a">El Queso Madurado de la Sierra de Tequila, Jalisco, es un producto artesanal elaborado artesanalmente con leche cruda, cuya maduraci&#xF3;n determina su perfil &#xFA;nico en sabor y textura. El objetivo de este trabajo fue determinar las caracter&#xED;sticas fisicoqu&#xED;micas, microbiol&#xF3;gicas, texturales y sensoriales del Queso Madurado, as&#xED; como comprender las relaciones y la organizaci&#xF3;n de los actores sociales involucrados en su cadena agroindustrial. Para el presente proyecto se recolectaron muestras de queso durante dos temporadas (lluvias y estiaje), llevando a cabo visitas de campo en enero y abril de 2024. Durante estas visitas, se realizaron entrevistas con los actores de la cadena agroindustrial. Posteriormente, se llevaron a cabo an&#xE1;lisis proximal, textural, microbiol&#xF3;gico y sensorial (Perfil Flash) a las muestras obtenidas. Las entrevistas proporcionaron informaci&#xF3;n sobre la organizaci&#xF3;n de la cadena agroindustrial, identificando tres eslabones principales en una integraci&#xF3;n vertical (Ganaderos, Queseros, Distribuidores). Conforme a lo obtenido, este queso es elaborado con leche cruda, prensado y madurado; teniendo una humedad intermedia (33.58-45.95%) y un alto contenido de grasa (39.64-47.13 g/100 g), adem&#xE1;s de un bajo recuento de bacterias mes&#xF3;filas aerobias y una elevada carga de bacterias &#xE1;cido-l&#xE1;cticas (7.93-8.68 log10UFC/g). El queso se presenta en piezas cil&#xED;ndricas de entre 1 y 3 Kg, con una pasta semidura, firme y tajable. Sensorialmente presenta caracter&#xED;sticas distintivas, como un aroma y sabor &#xE1;cido, caracter&#xED;sticas atribuidas a su proceso de maduraci&#xF3;n. Este queso artesanal se distingue por caracter&#xED;sticas &#xFA;nicas que est&#xE1;n ligadas a la temporada de producci&#xF3;n, proceso artesanal y a las condiciones particulares de la regi&#xF3;n, elementos vinculados al entorno geogr&#xE1;fico y pr&#xE1;cticas tradicionales de la Sierra de Tequila. Es fundamental llevar a cabo una caracterizaci&#xF3;n de estos quesos artesanales, cuya existencia se ve amenazada de forma constante, lo cual permitir&#xE1; fomentar su conservaci&#xF3;n y promover su valorizaci&#xF3;n. --</subfield>
  </datafield>
  <datafield tag="520" ind1="3" ind2=" ">
    <subfield code="a">The Aged Cheese from Sierra de Tequila, Jalisco, is an artisanal product made with raw milk, whose maturation determines its unique flavor and texture profile. The objective of this study was to determine the physicochemical, microbiological, textural, and sensory characteristics of the Aged Cheese, as well as to understand the relationships and organization of the social actors involved in its agro-industrial chain. For this project, cheese samples were collected during two seasons (rainy and dry), with field visits conducted in January and April 2024. During these visits, interviews were conducted with the actors in the agro-industrial chain. Subsequently, proximal, textural, microbiological, and sensory analyses (Flash Profile) were carried out on the samples obtained. The interviews provided information on the organization of the agro-industrial chain, identifying three main links in a vertical integration (Farmers, Cheesemakers, Distributors). According to the results, this cheese is made with raw milk, pressed and aged; it has intermediate moisture content (33.58-45.95 %) and high fat content (39.64-47.13 g/100 g), as well as a low count of mesophilic aerobic bacteria and a high load of lactic acid bacteria (7.93-8.68 log10 CFU/g). The cheese is presented in cylindrical pieces between 1 and 3 Kg, with a semi-hard, firm, and sliceable texture. Sensorily, it has distinctive characteristics, such as an acidic aroma and flavor, attributed to its maturation process. This artisanal cheese is distinguished by unique characteristics linked to the production season, artisanal process, and particular conditions of the region, elements related to the geographical environment and traditional practices of the Sierra de Tequila. It is essential to carry out a characterization of these artisanal cheeses, whose existence is constantly threatened, to promote their conservation and enhance their value.</subfield>
  </datafield>
  <datafield tag="650" ind1="1" ind2="3">
    <subfield code="a">Queso artesanal</subfield>
    <subfield code="2">atg</subfield>
    <subfield code="9">144437</subfield>
    <subfield code="x">Leche cruda</subfield>
    <subfield code="z">M&#xE9;xico</subfield>
    <subfield code="z">Jalisco</subfield>
  </datafield>
  <datafield tag="650" ind1="1" ind2="3">
    <subfield code="a">Maduraci&#xF3;n del queso  </subfield>
    <subfield code="2">atg</subfield>
    <subfield code="9">148252</subfield>
  </datafield>
  <datafield tag="650" ind1="1" ind2="3">
    <subfield code="a">Quesos</subfield>
    <subfield code="x">Propiedades fisicoqu&#xED;micas  </subfield>
    <subfield code="2">atg</subfield>
    <subfield code="9">148244</subfield>
  </datafield>
  <datafield tag="650" ind1="1" ind2="3">
    <subfield code="a">Quesos</subfield>
    <subfield code="x">Propiedades sensoriales  </subfield>
    <subfield code="2">atg</subfield>
    <subfield code="9">155076</subfield>
  </datafield>
  <datafield tag="650" ind1="1" ind2="3">
    <subfield code="a">Quesos</subfield>
    <subfield code="x">Propiedades rheol&#xF3;gicas</subfield>
    <subfield code="2">atg</subfield>
    <subfield code="9">142512</subfield>
  </datafield>
  <datafield tag="650" ind1="1" ind2="3">
    <subfield code="a">Quesos</subfield>
    <subfield code="x">Microbiolog&#xED;a  </subfield>
    <subfield code="2">atg</subfield>
    <subfield code="9">147410</subfield>
  </datafield>
  <datafield tag="650" ind1="1" ind2="3">
    <subfield code="a">Artisan cheese</subfield>
    <subfield code="2">atg</subfield>
    <subfield code="9">185223</subfield>
    <subfield code="x">Raw milk</subfield>
    <subfield code="z">Mexico</subfield>
    <subfield code="z">Jalisco</subfield>
  </datafield>
  <datafield tag="650" ind1="1" ind2="3">
    <subfield code="a">Cheese ripening  </subfield>
    <subfield code="2">atg</subfield>
    <subfield code="9">148248</subfield>
  </datafield>
  <datafield tag="650" ind1="1" ind2="3">
    <subfield code="a">Cheeses</subfield>
    <subfield code="x">Physicochemical properties  </subfield>
    <subfield code="2">atg</subfield>
    <subfield code="9">148239</subfield>
  </datafield>
  <datafield tag="650" ind1="1" ind2="3">
    <subfield code="a">Cheeses</subfield>
    <subfield code="x">Sensory properties</subfield>
    <subfield code="2">atg</subfield>
    <subfield code="9">155075</subfield>
  </datafield>
  <datafield tag="650" ind1="1" ind2="3">
    <subfield code="a">Cheeses  </subfield>
    <subfield code="x">Rheological properties</subfield>
    <subfield code="2">atg</subfield>
    <subfield code="9">148387</subfield>
  </datafield>
  <datafield tag="650" ind1="1" ind2="3">
    <subfield code="a">Cheeses</subfield>
    <subfield code="x">Microbiology</subfield>
    <subfield code="2">atg</subfield>
    <subfield code="9">147407</subfield>
  </datafield>
  <datafield tag="700" ind1="1" ind2=" ">
    <subfield code="a">Hern&#xE1;ndez Rodr&#xED;guez, Blanca Elizabeth</subfield>
    <subfield code="9">161439</subfield>
    <subfield code="e">directora</subfield>
  </datafield>
  <datafield tag="700" ind1="1" ind2=" ">
    <subfield code="a">Sandoval Castilla, Ofelia</subfield>
    <subfield code="9">151810</subfield>
    <subfield code="e">asesora</subfield>
  </datafield>
  <datafield tag="700" ind1="1" ind2=" ">
    <subfield code="a">Lobato Calleros, Consuelo Silvia Olivia</subfield>
    <subfield code="9">151494</subfield>
    <subfield code="e">asesora</subfield>
  </datafield>
  <datafield tag="856" ind1="4" ind2="0">
    <subfield code="u">http://10.13.5.2/tesis/tm/2212037-3_LOZADA_VALLEJO_%20ESMERALDA_GRISELDA.pdf</subfield>
    <subfield code="y">DESCARGAR PDF</subfield>
  </datafield>
  <datafield tag="942" ind1=" " ind2=" ">
    <subfield code="2">Clasificaci&#xF3;n Universidad Aut&#xF3;noma Chapingo</subfield>
    <subfield code="c">TD</subfield>
  </datafield>
  <datafield tag="999" ind1=" " ind2=" ">
    <subfield code="c">220600</subfield>
    <subfield code="d">220600</subfield>
  </datafield>
  <datafield tag="952" ind1=" " ind2=" ">
    <subfield code="0">0</subfield>
    <subfield code="1">0</subfield>
    <subfield code="2">local</subfield>
    <subfield code="4">0</subfield>
    <subfield code="7">0</subfield>
    <subfield code="8">TesDigM</subfield>
    <subfield code="a">IA_</subfield>
    <subfield code="b">IA_</subfield>
    <subfield code="c">E_L</subfield>
    <subfield code="d">2025-06-12</subfield>
    <subfield code="e">El autor</subfield>
    <subfield code="l">0</subfield>
    <subfield code="p">120101551</subfield>
    <subfield code="r">2025-06-12 13:53:24</subfield>
    <subfield code="w">2025-06-12</subfield>
    <subfield code="y">TD</subfield>
  </datafield>
</record>
